00412nam a2200109Ia 4500008004100000100002200041245010500063260003900168300001200207650001500219856006800234160712s9999 xx 000 0 und d aZarco, Timothy H. cTimothy H. ZarcoaThe Influence of Materialism on Consumer Preferences: A Conjoint Analysis Approach c2014bPhilippine Management Review avol. 21 xMANAGEMENT uhttp://journals.upd.edu.ph/index.php/pmr/issue/view/420/showToc